MUSLIM MODERNITIES TABISH KHAIR S ESSAYS (Record no. 12235)

MARC details
000 -LEADER
fixed length control field 00363nam a2200133Ia 4500
008 - FIXED-LENGTH DATA ELEMENTS--GENERAL INFORMATION
fixed length control field 240624s9999 xx 000 0 und d
041 ## - LANGUAGE CODE
Language code of text/sound track or separate title eng
082 ## - DEWEY DECIMAL CLASSIFICATION NUMBER
Classification number 200 VER
100 ## - MAIN ENTRY--PERSONAL NAME
Personal name VERMA RENU KAUL
245 ## - TITLE STATEMENT
Title MUSLIM MODERNITIES TABISH KHAIR S ESSAYS
260 ## - PUBLICATION, DISTRIBUTION, ETC.
Date of publication, distribution, etc. 2008
Place of publication, distribution, etc. New Delhi
Name of publisher, distributor, etc. Central News Agency Pvt. Ltd.
300 ## - PHYSICAL DESCRIPTION
Extent 302 : p. : cm. ; 24
365 ## - TRADE PRICE
Currency code RS
Price amount 20
Holdings
Withdrawn status Lost status Damaged status Not for loan Home library Current library Shelving location Date acquired Source of acquisition Cost, normal purchase price Total Holds Full call number Barcode Date last seen Copy number Price effective from Koha item type
        IMTN IMTN Rack 4-A 01/07/2009 WBD 295.00 653 200 VER 12235 06/24/2024 1 06/24/2024 Books
Designed & Maintained by: LRC IMT Nagpur Contact: lrc@imtnag.ac.in© 2024. All Rights Reserved.